| 000 | 00557nam a2200169 a 4500 | ||
|---|---|---|---|
| 001 | 000031825 | ||
| 005 | 20200930063217.0 | ||
| 008 | 110706s2001 dr c r 000 | spa d | ||
| 040 |
_aDO-SdBNP _bspa _cBNPHU |
||
| 082 |
_axxxx _bH519c |
||
| 100 | 1 |
_aHenrĂquez, Quisqueya _958038 |
|
| 245 | 1 | 0 |
_aCurador curado / _cQuisqueya HenrĂquez, Jorge Pineda, Fernando Valera. |
| 260 |
_aSanto Domingo : _bMuseo de Arte Moderno; _bAmigo del Hogar, _c2001. |
||
| 300 |
_a[75] p. : _bretrs. ; _c28 cm. |
||
| 700 | 1 |
_aPineda, Jorge _97045 |
|
| 700 | 1 |
_aValera, Fernando _948157 |
|
| 999 |
_c31317 _d31317 |
||